Statistics for Computer Nerd Acronyms Quiz #3

Click here to take the quiz!

General Stats

  • This quiz has been taken 281 times
  • The average score is 23 of 66

Answer Stats

AcronymWord% Correct
NASNetwork
82%
WANNetwork
82%
WANArea
75%
BIOSSystem
73%
NTFSSystem
73%
WANWide
73%
JSONJavaScript
64%
TCPProtocol
62%
CLIInterface
56%
RegExRegular
56%
BSODOf
53%
RegExExpression
51%
IaaSService
50%
CLILine
49%
CLICommand
48%
VGAGraphics
48%
BASHShell
48%
BIOSBasic
46%
VGAVideo
45%
BIOSInput
44%
BIOSOutput
44%
BSODBlue
42%
BSODDeath
42%
BSODScreen
42%
NTFSFile
41%
JSONObject
38%
MAC (Address)Access
37%
JSONNotation
33%
TCPControl
32%
MAC (Address)Control
32%
POSTOn
32%
UUIDIdentifier
31%
UUIDUnique
31%
VGAArray
30%
RAIDArray
30%
RISCComputer
30%
IaaSInfrastructure
28%
NASStorage
28%
MBRBoot
22%
MOSFETTransistor
21%
NASAttached
20%
BASHBourne
19%
BASHAgain
18%
RAIDDisks
18%
RISCInstruction
18%
POSTPower
18%
RISCReduced
18%
RISCSet
18%
POSTTest
18%
TCPTransmission
18%
NTFSNew
17%
MBRRecord
17%
RAIDRedundant
17%
POSTSelf
17%
MBRMaster
16%
ESDDischarge
15%
ESDElectrostatic
15%
MOSFETField
15%
MAC (Address)Media
15%
MOSFETMetal
15%
MOSFETOxide
15%
MOSFETEffect
13%
NTFSTechnology
13%
RAIDIndependent
12%
UUIDUniversally
11%
MOSFETSemiconductor
10%

Score Distribution

Percentile by Number Answered

Percent of People with Each Score

Your Score History

You have not taken this quiz